[Event "15th Open A"]
[Site "Vienna AUT"]
[Date "2006.07.30"]
[Round "2"]
[White "Marjanovic,Slavk"]
[Black "Zoebisch,H"]
[Result "1/2-1/2"]
[WhiteElo "1967"]
[BlackElo "2194"]

1.d4 d5 2.Nf3 Nf6 3.c4 dxc4 4.e3 e6 5.Bxc4 c5 6.O-O a6 7.Qe2 b5 8.Bb3 Bb7
9.Rd1 Nbd7 10.Nbd2 Qb6 11.a4 Be7 12.axb5 axb5 13.Rxa8+ Bxa8 14.dxc5 Nxc5
15.Bc2  1/2-1/2

[Event "15th Open A"]
[Site "Vienna AUT"]
[Date "2006.07.31"]
[Round "3"]
[White "Sabel,R"]
[Black "Brod,M"]
[Result "0-1"]
[WhiteElo "2059"]
[BlackElo "2279"]

1.d4 d5 2.c4 dxc4 3.Nf3 Nf6 4.e3 e6 5.Bxc4 c5 6.O-O a6 7.a4 Nc6 8.Qe2 Qc7
9.Rd1 Bd6 10.Nc3 O-O 11.h3 b6 12.Bd2 Bb7 13.Rac1 h6 14.Ba2 Rad8 15.Bb1 Qb8
16.Ne4 Nxe4 17.Bxe4 Qa8 18.dxc5 Bxc5 19.Bc3 Nb4 20.Bxb7 Qxb7 21.Bd4 Bxd4
22.Nxd4 Rd7 23.Qc4 a5 24.Nb5 Rfd8 25.Rxd7 Qxd7 26.Qc7 Qxc7 27.Rxc7 Rd1+ 28.Kh2 Rd2
29.Kg3 Rxb2 30.Nd6 Ra2 31.Rc8+ Kh7 32.Nxf7 Rxa4 33.h4 Kg6 34.Ne5+ Kf5 35.Nd7 Nd5
36.Rg8 Nf6 37.Rf8 Rb4 38.f3 Rb5 39.Kh3 Kg6  0-1

[Event "FSIMB August"]
[Site "Budapest HUN"]
[Date "2006.08.05"]
[Round "12"]
[White "Behm,S"]
[Black "Malada,V"]
[Result "1-0"]
[WhiteElo "2229"]
[BlackElo "2256"]

1.d4 d5 2.c4 dxc4 3.Nf3 Nf6 4.e3 e6 5.Bxc4 c5 6.Nc3 a6 7.Bb3 b5 8.O-O Bb7
9.Qe2 Nbd7 10.Rd1 Qc7 11.e4 cxd4 12.Nxd4 Nc5 13.Bg5 Nxb3 14.Nxb3 b4 15.e5 Nd7
16.Ne4 Qxe5 17.Rd4 Bxe4 18.f4 Qf5 19.g4 Qg6 20.Rxe4 Nc5 21.Re5 h6 22.Bh4 Nxb3
23.axb3 Bd6 24.f5 Qh7 25.Rxe6+ fxe6  1-0

[Event "ch-Euro Senior"]
[Site "Davos SUI"]
[Date "2006.08.08"]
[Round "4"]
[White "Stull,N"]
[Black "Klundt,K"]
[Result "1/2-1/2"]
[WhiteElo "2129"]
[BlackElo "2380"]

1.d4 d5 2.c4 dxc4 3.Nf3 Nf6 4.e3 e6 5.Bxc4 c5 6.O-O a6 7.a4 Nc6 8.Qe2 cxd4
9.Rd1 Be7 10.exd4 O-O 11.Nc3 Nb4 12.Bg5 Bd7 13.Ne5 Bc6 14.Rac1 Bd5 15.Nxd5 Nfxd5
16.Bxe7 Qxe7 17.Bxd5 Nxd5 18.Rc5 Rfd8 19.g3 Rac8 20.Rdc1 Rc7 21.R1c4 f6 22.Nd3 Rcd7
23.Rc8 Nb6 24.Rxd8+ Rxd8 25.Rb4 Nd5 26.Rc4 Nb6  1/2-1/2

[Event "Independence Cup A"]
[Site "Kyiv UKR"]
[Date "2006.08.14"]
[Round "2"]
[White "Grinev,V"]
[Black "Mazurchak,B"]
[Result "1/2-1/2"]
[WhiteElo "2249"]
[BlackElo "2075"]

1.d4 d5 2.Nf3 Nf6 3.c4 dxc4 4.e3 e6 5.Bxc4 c5 6.O-O a6 7.Qe2 Be7 8.dxc5 Bxc5
9.Rd1 Qc7 10.b3 b5 11.Bd3 Bb7 12.Bb2 Nbd7 13.Nbd2 O-O 14.a4 e5 15.Ng5 b4
16.Rac1 Qd6 17.Nde4 Qe7 18.Nxf6+ Nxf6 19.Nxh7 Nxh7 20.Bxh7+ Kxh7 21.Qc2+ Kg8
22.Qxc5 Qg5 23.e4 Bxe4 24.g3 Rfe8 25.Qe3 Qf5 26.h4  1/2-1/2

[Event "Acropolis Women's Open"]
[Site "Athens GRE"]
[Date "2006.08.16"]
[Round "4"]
[White "Meenakshi,S1"]
[Black "Ikonomopoulou,M"]
[Result "1-0"]
[WhiteElo "2310"]
[BlackElo "1976"]

1.d4 d5 2.c4 dxc4 3.Nf3 Nf6 4.e3 e6 5.Bxc4 c5 6.Nc3 a6 7.O-O b5 8.Be2 Bb7
9.dxc5 Qxd1 10.Rxd1 Bxc5 11.Ne5 Nbd7 12.Nd3 Be7 13.f3 g5 14.e4 Rg8 15.Be3 g4
16.Kf2 Rc8 17.Rac1 Bd6 18.Bf4 Bxf4 19.Nxf4 Ke7 20.Nd3 Rg5 21.f4 Rgg8 22.e5 Ne4+
23.Nxe4 Bxe4 24.Nb4 Nc5 25.Rd6 Bb7 26.Rb6 g3+ 27.hxg3 Ne4+ 28.Ke3 Ba8 29.Rxc8 Rxc8
30.g4 a5 31.Nd3 b4 32.Bf3 Rc4 33.b3 Rc2 34.Bxe4 Bxe4 35.Kxe4 Rxg2 36.Rb7+ Kf8
37.Ra7 Rxa2 38.f5  1-0

[Event "Independence Cup A"]
[Site "Kyiv UKR"]
[Date "2006.08.16"]
[Round "4"]
[White "Perun,S"]
[Black "Goncharov,O"]
[Result "1-0"]
[WhiteElo "2355"]
[BlackElo "2193"]

1.d4 d5 2.c4 dxc4 3.Nf3 Nf6 4.e3 e6 5.Bxc4 c5 6.O-O a6 7.Bb3 Nc6 8.Qe2 cxd4
9.Rd1 d3 10.Rxd3 Qc7 11.Nc3 b5 12.e4 Be7 13.Nd5 Nxd5 14.exd5 Nd8 15.Bg5 Bxg5
16.Nxg5 Qe7 17.Qh5 Ra7 18.dxe6 Bxe6 19.Nxe6 Nxe6 20.Bxe6 g6 21.Bxf7+ Kxf7
22.Qh6 Qb4 23.Rf3+ Ke8 24.Re3+ Re7 25.Qg7 Rf8 26.Qxh7 Rxe3 27.Qxg6+ Kd7 28.Rd1+ Kc8
29.Qc6+ Kb8 30.Qb6+ Ka8 31.Qxa6+ Kb8 32.Qb6+ Ka8 33.Qxe3 Qxb2 34.Qd2 Qf6
35.Qa5+  1-0

[Event "23rd Open"]
[Site "Collado Villalba ESP"]
[Date "2006.08.23"]
[Round "5"]
[White "Alonso Fernandez,M"]
[Black "Sanchez Alvarez,J"]
[Result "1-0"]
[WhiteElo "2296"]
[BlackElo "2112"]

1.d4 d5 2.c4 dxc4 3.Nf3 Nf6 4.e3 e6 5.Bxc4 c5 6.O-O a6 7.dxc5 Qxd1 8.Rxd1 Bxc5
9.Nbd2 O-O 10.Be2 Nc6 11.b3 b5 12.Bb2 Be7 13.a4 bxa4 14.Rxa4 Nd5 15.Nd4 Ncb4
16.Nc4 Bd7 17.Raa1 Rfb8 18.Bf3 f6 19.e4 Nb6 20.Nxb6 Rxb6 21.Nf5 exf5 22.Rxd7 fxe4
23.Bxe4 Re8 24.Re1 Rd6 25.Rxd6 Bxd6 26.Bxh7+ Kf8 27.Rxe8+ Kxe8 28.h4 Kf7
29.Be4 a5 30.g3 Ke6 31.f4 f5 32.Bb1 Bc5+ 33.Kg2 g6 34.g4 fxg4 35.Bxg6 Nc6
36.Kg3 Nd4 37.Kxg4 Nxb3 38.f5+ Ke7 39.h5 Be3 40.Bg7 Nd4 41.f6+  1-0

[Event "3rd Dato Arthur Tan"]
[Site "Kuala Lumpur MAS"]
[Date "2006.08.23"]
[Round "5"]
[White "Rahman,Zia"]
[Black "Tirto"]
[Result "1/2-1/2"]
[WhiteElo "2534"]
[BlackElo "2418"]

1.Nf3 d5 2.d4 Nf6 3.c4 dxc4 4.e3 e6 5.Bxc4 c5 6.O-O a6 7.Bb3 cxd4 8.exd4 Nc6
9.Nc3 Be7 10.Bg5 O-O 11.Rc1 Na5 12.Bc2 b5 13.Qd3 g6 14.Bh6 Re8 15.Ne5 Bb7
16.Rfd1 Rc8 17.Qg3 Bf8 18.Bg5 Be7 19.Qf4 Nc4 20.Bb3 Nxb2 21.d5 exd5 22.Nxd5 Rxc1
23.Nxe7+ Qxe7 24.Rxc1 Qxe5 25.Qxe5 Rxe5 26.Bxf6 Nd3 27.Rd1 Re1+ 28.Rxe1 Nxe1
29.f3 Nd3 30.a3 Bc8 31.Bc2 Nc5 32.Kf2 Kf8 33.Ke3 Nd7 34.Bc3 Bb7 35.Bb4+ Ke8
36.Kf4 f6 37.Bb3 Nb6 38.Bc5 Nc4 39.Bxc4 bxc4 40.Ke3  1/2-1/2

[Event "TCh-Serbia"]
[Site "Zlatibor SCG"]
[Date "2006.08.26"]
[Round "1"]
[White "Arsovic,G"]
[Black "Milanovic,Da"]
[Result "1-0"]
[WhiteElo "2483"]
[BlackElo "2514"]

1.d4 Nf6 2.Nf3 d5 3.c4 dxc4 4.e3 e6 5.Bxc4 c5 6.O-O a6 7.Qe2 cxd4 8.Rd1 Nc6
9.exd4 Be7 10.a3 b5 11.Ba2 O-O 12.Nc3 b4 13.d5 bxc3 14.dxc6 Nd5 15.Bxd5 exd5
16.bxc3 Bf6 17.Qd3 Qc7 18.Bg5 Qxc6 19.Bxf6 Qxf6 20.Qxd5 Be6 21.Qd4 Qe7 22.Qb4 Qc7
23.Nd4 Bg4 24.Rd3 Rab8 25.Qa4 Bd7 26.Qc2 Qc4 27.h3 Rb6 28.Re1 Rfb8 29.Rde3 g6
30.Re7 Ba4 31.Qd2 Rf8 32.Qe3 Rfb8 33.Qf3 Rf8 34.Qe3 Rfb8 35.h4 Rb1 36.h5 Rxe1+
37.Qxe1 Rc8 38.h6 Qxc3 39.Qxc3 Rxc3 40.Ra7 Kf8 41.Rxa6 Rxa3 42.Nf3 Rxf3 43.gxf3 Bc2
44.Ra7 g5 45.Kg2 Bf5 46.Kg3 f6 47.f4 gxf4+ 48.Kxf4 Bc2 49.Ke3 Bf5 50.Kd4 Ke8
51.Kd5 Kf8 52.Kd6 Ke8 53.f4  1-0

[Event "3rd Open"]
[Site "Kalamaria GRE"]
[Date "2006.09.03"]
[Round "6"]
[White "Mastrovasilis,A"]
[Black "Hansen,SuB"]
[Result "1-0"]
[WhiteElo "2521"]
[BlackElo "2558"]

1.d4 d5 2.Nf3 Nf6 3.c4 dxc4 4.e3 e6 5.Bxc4 c5 6.O-O a6 7.dxc5 Bxc5 8.Qxd8+ Kxd8
9.Nbd2 Nbd7 10.Be2 Ke7 11.Rd1 b6 12.a3 Bb7 13.b4 Bd6 14.Nc4 Bc7 15.a4 Rhd8
16.Nd4 Ne5 17.Nxe5 Bxe5 18.Bb2 Ke8 19.b5 Nd7 20.f4 Bf6 21.g4 h6 22.h4 axb5
23.Bxb5 Rac8 24.g5 hxg5 25.hxg5 Be7 26.Rac1 Bc5 27.Kf2 g6 28.Rd2 Bd5 29.Nf3 Bc6
30.Bxc6 Rxc6 31.Rh1 Nf8 32.Rxd8+ Kxd8 33.Rh8 Kc7 34.Ne5 Rd6 35.Ke2 Bb4 36.Bd4 Rd5
37.Nxf7 Ra5 38.Ne5 Rxa4 39.Rg8 b5 40.Nxg6  1-0

[Event "FSGM September"]
[Site "Budapest HUN"]
[Date "2006.09.05"]
[Round "4"]
[White "Kosic,D"]
[Black "Fodor,T jr"]
[Result "1/2-1/2"]
[WhiteElo "2506"]
[BlackElo "2429"]

1.d4 Nf6 2.Nf3 d5 3.c4 dxc4 4.e3 e6 5.Bxc4 c5 6.O-O a6 7.Bd3 b5 8.e4 Bb7
9.Re1 Be7 10.a4 c4 11.Bc2 Nbd7 12.Nbd2 O-O 13.Nf1 Re8 14.Ng3 Qc7 15.e5 Nd5
16.Ng5 Bxg5 17.Bxg5 b4 18.Ne4 b3 19.Bb1 Reb8 20.Bd2 Ne7 21.Nd6 Nf8 22.Re3 Rd8
23.Rh3 Rxd6 24.exd6 Qxd6 25.Bc3 f5 26.Qf1 Bd5 27.a5 Qc6 28.Bd2 Nfg6 29.Rc3 Qb5
30.f3 Rf8 31.Qf2 Qd7 32.h4 h5 33.Bg5 Rf7 34.Qe3 Nc6  1/2-1/2

[Event "Universities"]
[Site "Istanbul TUR"]
[Date "2006.09.05"]
[Round "7"]
[White "Morchiashvili,B"]
[Black "Kozhuharov,S"]
[Result "1/2-1/2"]
[WhiteElo "2370"]
[BlackElo "2402"]

1.d4 d5 2.Nf3 Nf6 3.c4 dxc4 4.e3 e6 5.Bxc4 c5 6.Qe2 Nc6 7.dxc5 Bxc5 8.O-O Qc7
9.a3 a6 10.b4 Bd6 11.Bb2 e5 12.Ng5 O-O 13.Nc3 Bf5 14.Nd5 Nxd5 15.Bxd5 e4
16.Nxe4 Bxh2+ 17.Kh1 Rad8 18.Bxc6 bxc6 19.Qh5 Bxe4 20.Qxh2 Qxh2+ 21.Kxh2 f6
22.f3 Bd5  1/2-1/2

[Event "FSGM September"]
[Site "Budapest HUN"]
[Date "2006.09.07"]
[Round "6"]
[White "Flumbort,A"]
[Black "Boros,De"]
[Result "0-1"]
[WhiteElo "2510"]
[BlackElo "2462"]

1.d4 d5 2.Nf3 Nf6 3.c4 dxc4 4.e3 e6 5.Bxc4 c5 6.O-O Nc6 7.Nc3 Be7 8.Qe2 cxd4
9.Rd1 O-O 10.Nxd4 Nxd4 11.exd4 Nd5 12.Qe4 Nxc3 13.bxc3 Qc7 14.Bd3 f5 15.Qe2 Bd6
16.Bc4 Bxh2+ 17.Kh1 Bd6 18.Bxe6+ Bxe6 19.Qxe6+ Kh8 20.Rb1 b6 21.Re1 f4 22.Bd2 f3
23.Re4 Rf6 24.Qh3 Qf7 25.Rh4 fxg2+ 26.Kg1 g5 27.Bxg5 Rxf2 28.Rxh7+ Qxh7 29.Qxh7+ Kxh7
30.Kxf2 Rg8 31.Rb5 Bf4 32.Kxg2 Rxg5+ 33.Rxg5 Bxg5 34.Kf3 Kg6 35.Ke4 b5 36.Kd5 Bd2
37.c4 bxc4 38.Kxc4 Kf6 39.Kd5 Be3 40.a4 Kf5 41.a5 Bf2  0-1

[Event "FSGM September"]
[Site "Budapest HUN"]
[Date "2006.09.07"]
[Round "6"]
[White "Pedersen,Nic"]
[Black "Fodor,T jr"]
[Result "1/2-1/2"]
[WhiteElo "2513"]
[BlackElo "2429"]

1.d4 d5 2.c4 dxc4 3.Nf3 Nf6 4.e3 e6 5.Bxc4 c5 6.O-O a6 7.Bb3 b5 8.a4 b4 9.e4 Nxe4
10.d5 Be7 11.Re1 Nf6 12.dxe6 Bxe6 13.Qxd8+ Kxd8 14.Bxe6 fxe6 15.Ng5 Kd7 16.Nxe6 Nc6
17.Bg5 h6 18.Bh4 g5 19.Bg3 Nh5 20.Nd2 Nxg3 21.hxg3 Nd8 22.Nxd8 Raxd8 23.Rad1 Ke8
24.Re6 Kf7 25.Rde1 Rhe8 26.Nc4 Bf8 27.Rxe8 Rxe8 28.Rxe8 Kxe8 29.b3 Kf7 30.Kf1 h5
31.Ke2 Ke6 32.Kd3 Bg7  1/2-1/2

[Event "5th Open"]
[Site "Istanbul TUR"]
[Date "2006.09.07"]
[Round "9"]
[White "Arutinian,D"]
[Black "Bratanov,Z"]
[Result "1/2-1/2"]
[WhiteElo "2552"]
[BlackElo "2420"]

1.d4 d5 2.c4 dxc4 3.Nf3 Nf6 4.e3 e6 5.Bxc4 c5 6.Qe2 cxd4 7.exd4 Nc6 8.O-O Be7
9.Rd1 O-O 10.Nc3 Na5 11.Bd3 b6 12.Ne5 Bb7 13.Qe3 Nd5 14.Qe4 f5 15.Qe2 Bf6
16.Nc4 Re8 17.Nxa5 bxa5 18.Bc4 Qb6 19.Bxd5 exd5 20.Qb5 Bxd4 21.Qxb6 Bxb6
22.Na4 Bd4 23.Bg5 Re4 24.Nc3 Rg4 25.h3 Bxf2+ 26.Kxf2 Rxg5 27.Nxd5 f4 28.Nxf4 Rf8
29.g3 Rb5 30.h4 h6 31.Kg1 g5 32.hxg5 hxg5 33.Ne6 Rf6 34.Rd8+ Kh7 35.Nc5 Bc6
36.Nd3 Rf3 37.Rc1 Rxg3+ 38.Kh2 Rg2+ 39.Kh3 Be4 40.Rc7+ Kg6 41.Rg8+ Kf6 42.Rf8+  1/2-1/2

[Event "ch-EU"]
[Site "Liverpool ENG"]
[Date "2006.09.09"]
[Round "4"]
[White "Karttunen,M"]
[Black "Tebb,D"]
[Result "1/2-1/2"]
[WhiteElo "2422"]
[BlackElo "2231"]

1.d4 d5 2.c4 dxc4 3.Nf3 Nf6 4.e3 e6 5.Bxc4 c5 6.O-O a6 7.dxc5 Qxd1 8.Rxd1 Bxc5
9.Nbd2 O-O 10.Nb3 Be7 11.Bd2 Nc6 12.Na5 Nxa5 13.Bxa5 b5 14.Be2 Bb7 15.a4 bxa4
16.Rxa4 Rfc8 17.Nd4 Kf8 18.f3 g6 19.Bb4 Nd5 20.Bxe7+ Kxe7 21.e4 Nf4 22.Bf1 e5
23.g3 Nh5 24.Nb3 Rc2 25.Rb4 Bc8 26.Na5 Rc5 27.Nc4 a5 28.Ra4 Be6 29.Rda1 Rb8
30.Rb1 Bxc4 31.Bxc4 Rb4 32.Rxb4 axb4 33.b3 Ra5 34.Rc1 Ng7 35.Bd5 Ne6 36.Bxe6 Kxe6
37.Rc6+ Kd7 38.Rb6 Ra1+ 39.Kf2 Ra2+ 40.Ke3 Rxh2 41.Rxb4 h5 42.f4 h4 43.Rb7+ Ke6  1/2-1/2

[Event "59th ch-RUS 1st League"]
[Site "Tomsk RUS"]
[Date "2006.09.09"]
[Round "7"]
[White "Nechepurenko,R"]
[Black "Kornev,Alexei"]
[Result "0-1"]
[WhiteElo "2463"]
[BlackElo "2568"]

1.d4 d5 2.c4 dxc4 3.Nf3 Nf6 4.e3 e6 5.Bxc4 c5 6.O-O a6 7.dxc5 Bxc5 8.Qxd8+ Kxd8
9.Nbd2 Ke7 10.Nb3 Bd6 11.Bd2 Nc6 12.Rfc1 Bd7 13.Be2 Rhc8 14.a3 e5 15.Be1 Bg4
16.h3 Bh5 17.g4 Bg6 18.Nh4 Nd7 19.Nd2 Nc5 20.b4 Na4 21.Nxg6+ hxg6 22.Nc4 b5
23.Nxd6 Kxd6 24.Rc2 Ne7 25.Rd2+ Ke6 26.Rad1 f5 27.gxf5+ gxf5 28.Rd7 Rc6 29.e4 Nb2
30.R1d2 Nc4 31.Rd1 fxe4 32.Bg4+ Kf7 33.Bf5 Nb6 34.Rb7 Rac8 35.Bxc8 Nxc8 36.Bd2 Nd6
37.Ra7 Ke6 38.Be3 Nef5 39.Bc5 Nc4 40.Ra8 Nxa3 41.Ra1 Nc2 42.R1xa6 Rxa6 43.Rxa6+ Kd5
44.Rg6 Ncd4 45.Bf8 Ne6 46.Bc5 Nh4 47.Rg3 Nf3+ 48.Kh1 Nxc5 49.bxc5 g5 50.Rg4 b4
51.c6 b3 52.c7 b2 53.Rg1 Nxg1 54.c8=Q b1=Q 55.Qa8+ Kd4 56.Qa7+ Kc4 57.Qa6+ Kc3
58.Qa3+ Kc2 59.Qc5+ Kd1 60.Kxg1 Ke2+ 61.Kh2 Qd3 62.Kg2 Qb3 63.Qa7 Qf3+ 64.Kg1 Qc3
65.Qa2+ Qd2 66.Qc4+ Qd3 67.Qa2+ Ke1 68.Qa1+ Qd1 69.Qxe5 Ke2+ 70.Kh2 Qd3 71.Qf5 Kf1
72.Qxg5 Kxf2 73.h4 Qd6+ 74.Kh3 Qe6+ 75.Kh2 Qd6+ 76.Kh3 e3 77.Qf5+ Ke1 78.Qb1+ Qd1
79.Qb4+ Kf2 80.Qb2+ Qe2 81.Qg7 Qf3+ 82.Kh2 Qf4+ 83.Kh3 e2 84.Qg2+ Ke3 85.Qg1+ Kd2
86.Qg2 Qf1  0-1

[Event "5th Open"]
[Site "Izmir TUR"]
[Date "2006.09.18"]
[Round "9"]
[White "Aydogdu,E"]
[Black "Reyhan,D"]
[Result "0-1"]
[WhiteElo "2029"]
[BlackElo "2251"]

1.d4 d5 2.Nf3 e6 3.e3 c5 4.c4 Nf6 5.Bd3 dxc4 6.Bxc4 a6 7.a4 Nc6 8.O-O cxd4
9.exd4 Be7 10.Nc3 Nb4 11.Ne5 O-O 12.h3 b6 13.Qf3 Rb8 14.Qg3 Bb7 15.Bh6 Ne8
16.Rad1 Rc8 17.Rfe1 Nd5 18.Nxd5 Bxd5 19.Bxa6 Ra8 20.Bb5 Bh4 21.Qg4 f5 22.Qh5 gxh6
23.Bxe8 Rxe8 24.Nf7 Qf6 25.Nxh6+ Kg7 26.Nxf5+ Qxf5 27.Qxh4 Rxa4 28.Re3 Kh8
29.Rc1 Rg8 30.g4 Rc4  0-1

[Event "EU-chG18"]
[Site "Herceg Novi MNE"]
[Date "2006.09.19"]
[Round "9"]
[White "Middelveld,M"]
[Black "Khudaya,A"]
[Result "1/2-1/2"]
[WhiteElo "1955"]
[BlackElo "2058"]

1.d4 d5 2.Nf3 Nf6 3.c4 dxc4 4.e3 e6 5.Bxc4 c5 6.O-O Nc6 7.Qe2 cxd4 8.Rd1 Be7
9.exd4 O-O 10.Nc3 Na5 11.Bd3 b6 12.Be3 Bb7 13.Rac1 Rc8 14.Bb1 Nc4 15.Ne5 Nxe3
16.fxe3 Nd5 17.Nxd5 Qxd5 18.Rxc8 Rxc8 19.Bxh7+ Kxh7 20.Qh5+ Kg8 21.Qxf7+ Kh7
22.Qh5+ Kg8 23.Qf7+ Kh7  1/2-1/2

[Event "5th Open"]
[Site "Izmir TUR"]
[Date "2006.09.19"]
[Round "10"]
[White "Mihajlovskij,S"]
[Black "Arduman,C"]
[Result "1-0"]
[WhiteElo "2429"]
[BlackElo "2316"]

1.d4 d5 2.c4 dxc4 3.e3 Nf6 4.Bxc4 e6 5.Nf3 c5 6.O-O a6 7.dxc5 Qxd1 8.Rxd1 Bxc5
9.Be2 Rf8 10.Nbd2 Nbd7 11.Nc4 b6 12.Nd6+ Bxd6 13.Rxd6 Bb7 14.Rd1 Nc5 15.Ne5 b5
16.Bd2 Nfe4 17.Rac1 f6 18.Bb4 Nd3 19.Bxd3 f5 20.f3 Nf6 21.Kf2 Rc8 22.Rxc8+ Bxc8
23.Bd6 Bb7 24.Ke2 Nd5 25.Kd2 g6 26.b3 Ne7 27.e4 Nc6 28.a4 bxa4 29.bxa4 Na7
30.exf5 exf5 31.h4 Nc8 32.a5 Bc6 33.Bc4 Bb7 34.Be7 Nxe7 35.Nd7 Bc8 36.Bg8 Kxd7
37.Bxh7 Kd6 38.Bxg6 Nd5 39.f4 Kc7 40.Be8 Nb4  1-0

[Event "2nd Geller Mem Open-A"]
[Site "Odessa UKR"]
[Date "2006.09.25"]
[Round "8"]
[White "Garifulin,A"]
[Black "Legky,N"]
[Result "0-1"]
[WhiteElo "2291"]
[BlackElo "2464"]

1.d4 Nf6 2.Nf3 d5 3.c4 dxc4 4.e3 e6 5.Bxc4 c5 6.O-O Nc6 7.dxc5 Qxd1 8.Rxd1 Bxc5
9.Nbd2 O-O 10.Nb3 Be7 11.Bd2 b6 12.Nfd4 Nxd4 13.Nxd4 Bb7 14.f3 Rfd8 15.Kf2 a6
16.Rac1 Bc5 17.Nb3 Bd6 18.Be1 Be5 19.Rxd8+ Rxd8 20.Bc3 Bxc3 21.Rxc3 Rc8 22.Rc1 Kf8
23.e4 e5 24.Ke3 Ke7 25.Bd3 Rxc1 26.Nxc1 Ne8 27.Nb3 Kd6 28.Bc4 f6 29.Bg8 h6
30.Kd3 Nc7 31.Nd2 a5 32.Nc4+ Kc5 33.Ne3 Bc8 34.Bf7 b5 35.a3 Be6 36.Bxe6 Nxe6
37.Nd5 Nf4+ 38.Nxf4 exf4 39.Kc3 a4 40.b4+ axb3 41.Kxb3 g6 42.Kc3 g5 43.h3 h5
44.Kb3 Kd4 45.Kb4 Ke3 46.Kxb5 Kf2 47.a4 Kxg2 48.a5 g4 49.hxg4 hxg4 50.a6 gxf3
51.a7 f2 52.a8=Q f1=Q+ 53.Kc5 Qc1+ 54.Kd6 f3 55.e5 Qf4 56.Qg8+ Kf1 57.Qh7 Qxe5+
58.Kd7 f2 59.Qd3+ Kg1 60.Qg6+ Qg5  0-1

[Event "X Itau Cup"]
[Site "Sao Paulo BRA"]
[Date "2006.09.27"]
[Round "6"]
[White "Leitao,R"]
[Black "Milos,G"]
[Result "1/2-1/2"]
[WhiteElo "2598"]
[BlackElo "2563"]

1.d4 d5 2.Nf3 Nf6 3.c4 dxc4 4.e3 e6 5.Bxc4 c5 6.O-O a6 7.Bb3 Nc6 8.Nc3 cxd4
9.exd4 Be7 10.Bg5 O-O 11.Qd2 b5 12.Rad1 Na5 13.Bc2 Bb7 14.Qf4 g6 15.Bh6 Nh5
16.Qg4 Nf6 17.Qf4 Nh5 18.Qg4 Nf6 19.Qf4  1/2-1/2

[Event "56th TCh-BUL"]
[Site "Sunny Beach BUL"]
[Date "2006.10.08"]
[Round "4"]
[White "Todorov,O"]
[Black "Mladenov,I"]
[Result "1-0"]
[WhiteElo "2314"]
[BlackElo "2222"]

1.d4 d5 2.c4 c6 3.e3 Nf6 4.Bd3 e6 5.Nf3 dxc4 6.Bxc4 c5 7.O-O Nc6 8.Qe2 cxd4
9.Rd1 Be7 10.Nxd4 Nxd4 11.exd4 O-O 12.Nc3 Qc7 13.Nb5 Qc6 14.Bf4 Bd7 15.Nc7 Rac8
16.d5 exd5 17.Bb5 Bg4 18.Qxe7 Rxc7 19.Qxf8+ Kxf8 20.Bxc6 Rxc6 21.f3 Be6 22.Rac1 Rc4
23.Bd6+ Ke8 24.b3 Rc6 25.Rxc6 bxc6 26.Rd4 a6 27.Kf2 Bc8 28.Be5 Ke7 29.Rb4 Ne8
30.Rb8 Kd7 31.Ra8 Bb7 32.Rb8 Bc8 33.Rb4 f6 34.Bg3 Nd6 35.Bxd6 Kxd6 36.Rh4 Bf5
37.Ra4 Bc8 38.b4 c5 39.bxc5+ Kxc5 40.Ke3 g5 41.Rd4 Bd7 42.g3 Bb5 43.f4 h6
44.a3 Bc4 45.Rd2 Kb5 46.Rb2+ Ka4 47.Rb6 Kxa3 48.Rxf6 Kb2 49.Kd4 a5 50.Rb6+ Kc2
51.f5 Bd3 52.f6 Bg6 53.Ra6 Kd2 54.Rxa5 Ke2 55.Ra7 Kf2  1-0

[Event "56th TCh-BUL"]
[Site "Sunny Beach BUL"]
[Date "2006.10.10"]
[Round "6"]
[White "Grigorov,G"]
[Black "Ivanov,Jo"]
[Result "1/2-1/2"]
[WhiteElo "2425"]
[BlackElo "2370"]

1.d4 d5 2.Nf3 Nf6 3.c4 dxc4 4.e3 e6 5.Bxc4 c5 6.O-O Nc6 7.Nc3 cxd4 8.exd4 Be7
9.Re1 O-O 10.a3 b6 11.d5 Na5 12.Ba2 Nxd5 13.Nxd5 exd5 14.Bxd5 Bb7 15.Bxb7 Nxb7
16.Qxd8 Bxd8 17.Bf4 Bf6 18.Be5 Bxe5 19.Nxe5 Rac8 20.Rac1 Rxc1 21.Rxc1 Nc5
22.b4 Ne6 23.Nc6 Ra8 24.g3 Kf8 25.Rd1 Ke8 26.f4 g6 27.Kf2 a6 28.Rd6 a5 29.b5 a4
30.Ne5 Rb8 31.Nc4 Nc7 32.Rxb6 Rxb6 33.Nxb6 Nxb5 34.Nxa4  1/2-1/2

[Event "WJun"]
[Site "Yerevan ARM"]
[Date "2006.10.14"]
[Round "11"]
[White "Grachev,B"]
[Black "Wen Yang"]
[Result "1/2-1/2"]
[WhiteElo "2583"]
[BlackElo "2416"]

1.d4 d5 2.c4 dxc4 3.Nf3 Nf6 4.e3 e6 5.Bxc4 c5 6.O-O a6 7.Bd3 b6 8.Nc3 Bb7
9.a3 Nbd7 10.Qe2 Qb8 11.Rd1 Bd6 12.h3 O-O 13.Bc2 cxd4 14.exd4 Bf4 15.Be3 Nd5
16.Nxd5 Bxd5 17.Bd3 Rd8 18.Rac1 b5 19.Ng5 Nf6 20.Bxf4 Qxf4 21.Qe5 Qxe5 22.dxe5 h6
23.Nxe6 fxe6 24.exf6 gxf6 25.Rc7 Rac8 26.Rdc1 Rxc7 27.Rxc7 f5 28.Be2 Bb3
29.Rc3 Bd5 30.Rc7 Bb3 31.Rc3 Bd5 32.b3 Kf7 33.f3 Kf6 34.Kf2 Ke5 35.b4 f4
36.g3 fxg3+ 37.Kxg3 Rg8+ 38.Kf2 Rg7 39.h4 Rf7 40.Ke3 Rf4 41.Rc7 a5 42.bxa5 Ra4
43.Bxb5 Rxa3+ 44.Bd3 Rxa5 45.f4+ Kd6 46.Rh7 Ra3 47.Kd4 Ra4+ 48.Ke3 Ra3 49.Kd4  1/2-1/2

[Event "WJun"]
[Site "Yerevan ARM"]
[Date "2006.10.16"]
[Round "13"]
[White "Grigoryan,Av"]
[Black "Zhou Jianchao"]
[Result "0-1"]
[WhiteElo "2404"]
[BlackElo "2522"]

1.d4 d5 2.c4 dxc4 3.Nf3 e6 4.e3 Nf6 5.Bxc4 c5 6.O-O a6 7.Bb3 b5 8.a4 b4 9.Nbd2 Bb7
10.e4 Be7 11.e5 Nfd7 12.Nc4 O-O 13.Bf4 Nc6 14.d5 exd5 15.Qxd5 Na5 16.Qd1 Nxb3
17.Qxb3 Nb6 18.Rfd1 Bd5 19.Nfd2 Qc7 20.Qc2 Qc6 21.Nxb6 Qxb6 22.Nc4 Qe6 23.Rxd5 Qxd5
24.Nb6 Qe6 25.Nxa8 Rxa8 26.Rc1 Rd8 27.g3 g5 28.Be3 Qxe5 29.Qe2 Qe6 30.h3 h6
31.Kh2 Bf8 32.Qf1 Rd5 33.b3 f5 34.Qc4 Kf7 35.Kg2 Re5 36.Qxe6+ Kxe6 37.h4 Be7
38.hxg5 Bxg5 39.Kf3 Bxe3 40.fxe3 Kd5 41.Rd1+ Kc6 42.Rd8 Rd5 43.Rc8+ Kd7 44.Rf8 Rd2
45.Rxf5 c4 46.Rf4 Rc2 47.bxc4 Kc6 48.Rf6+ Kc5 49.Rxa6 b3 50.a5 Rxc4 51.Ra8 b2
52.Rc8+ Kb4 53.Rb8+ Kc3 54.a6 Rb4 55.a7 b1=Q 56.Rc8+ Kb3 57.Kg2 Qa2+  0-1

[Event "14th Chigorin Mem"]
[Site "St-Petersburg RUS"]
[Date "2006.10.24"]
[Round "2"]
[White "Zacurdajev,M"]
[Black "Kornev,Alexei"]
[Result "0-1"]
[WhiteElo "2376"]
[BlackElo "2578"]

1.d4 d5 2.c4 dxc4 3.Nf3 Nf6 4.e3 e6 5.Bxc4 c5 6.O-O a6 7.a4 Nc6 8.Qe2 Be7
9.dxc5 Bxc5 10.e4 Qc7 11.e5 Nd7 12.Bf4 Nd4 13.Nxd4 Bxd4 14.Rc1 Qa5 15.Nd2 Bxb2
16.Nb3 Bxc1 17.Nxa5 Bxf4 18.Rd1 O-O 19.Nxb7 Nxe5 20.Bxa6 Nd7 21.Bb5 Bxb7
22.Bxd7 Bd5 23.Bb5 Rfc8 24.g3 Bd6 25.Qd2 Rc7 26.Rc1 Bc5 27.Kf1 g6 28.Qf4 Bd6
29.Qe3 Rac8 30.Rxc7 Rxc7 31.Be2 Rc2 32.Bd1 Ra2 33.Qc3 Bf8 34.a5 h5 35.Be2 Ra3
36.Qf6 Bg7 37.Qd8+ Kh7 38.f3 Bd4 39.Qf8 Ra1+ 40.Kg2 e5 41.a6 Re1  0-1

[Event "14th Chigorin Mem B"]
[Site "St-Petersburg RUS"]
[Date "2006.10.26"]
[Round "5"]
[White "Vrublevskaya,O"]
[Black "Vunder,A"]
[Result "1/2-1/2"]
[WhiteElo "2163"]
[BlackElo "2284"]

1.d4 d5 2.c4 dxc4 3.e3 Nf6 4.Bxc4 e6 5.Nf3 c5 6.O-O a6 7.Bb3 Nc6 8.Nc3 cxd4
9.exd4 Be7 10.Re1 O-O 11.a3 Na5 12.Bc2 b5 13.d5 Re8 14.Qd3 Bb7 15.Bg5 g6
16.d6 Bxd6 17.Bxf6 Qxf6 18.Qxd6 Bxf3 19.gxf3 Nc4 20.Qg3 Red8 21.Rac1 Nxb2
22.Ne4 Qd4 23.Qg5 Kg7 24.Bb3 h6 25.Qg3 Nd3 26.Rcd1 Qb2 27.Rb1 Qxa3 28.Red1 Rac8
29.Rxd3 Rc1+ 30.Rxc1 Qxc1+ 31.Kg2 Rxd3 32.Qe5+ Kf8 33.Qh8+ Ke7 34.Qf6+ Ke8
35.Qh8+ Ke7 36.Qf6+ Ke8 37.Qh8+  1/2-1/2

[Event "Open A"]
[Site "Le Touquet FRA"]
[Date "2006.10.29"]
[Round "2"]
[White "Epishin,V"]
[Black "Giffard,N"]
[Result "1-0"]
[WhiteElo "2527"]
[BlackElo "2372"]

1.d4 d5 2.c4 dxc4 3.Nf3 Nf6 4.e3 e6 5.Bxc4 c5 6.O-O a6 7.Bd3 cxd4 8.exd4 Nc6
9.Nc3 Be7 10.Bg5 Nb4 11.Bxf6 Bxf6 12.Be4 O-O 13.Qb3 Nc6 14.Bxc6 bxc6 15.Rfd1 g6
16.Rac1 Bd7 17.Ne4 Be7 18.Qe3 Be8 19.b3 a5 20.Rc4 a4 21.bxa4 c5 22.Nxc5 Bxc5
23.Rxc5 Rxa4 24.h4 Rxa2 25.h5 Qf6 26.Rdc1 Ra8 27.h6 Rd8 28.Rc7 Rd5 29.R1c5 Ba4
30.Ra7 Bb5 31.Rxd5 exd5 32.Qe5 Qxe5 33.Nxe5 Be8 34.f4 f6 35.Ng4 Rf7 36.Ra6 f5
37.Nf6+ Kf8 38.Kf2 Bb5 39.Rb6 Bc4 40.Rb8+ Ke7 41.Nxh7  1-0

[Event "Open A"]
[Site "Le Touquet FRA"]
[Date "2006.10.31"]
[Round "5"]
[White "Guilbert,J"]
[Black "Levers,T"]
[Result "1/2-1/2"]
[WhiteElo "2062"]
[BlackElo "1928"]

1.d4 d5 2.c4 dxc4 3.Nf3 Nf6 4.e3 e6 5.Bxc4 c5 6.O-O a6 7.a4 Nc6 8.Nc3 Be7
9.dxc5 Qxd1 10.Rxd1 Bxc5 11.Bd2 O-O 12.Na2 b6 13.b4 Be7 14.b5 axb5 15.axb5 Na5
16.Bb4 Bxb4 17.Nxb4 Bb7 18.Be2 Nd5 19.Nxd5 Bxd5 20.Ne5 Rfd8 21.Bf3 Bxf3 22.gxf3 Rxd1+
23.Rxd1 f6 24.Nd7 Nc4  1/2-1/2

[Event "10th OIBM"]
[Site "Bad Wiessee GER"]
[Date "2006.11.08"]
[Round "5"]
[White "Kosic,D"]
[Black "Vasilevich,T"]
[Result "0-1"]
[WhiteElo "2518"]
[BlackElo "2396"]

1.d4 d5 2.c4 e6 3.Nf3 Nf6 4.e3 dxc4 5.Bxc4 c5 6.O-O a6 7.Bd3 Nbd7 8.Nbd2 b6
9.Re1 Bb7 10.e4 cxd4 11.e5 Nd5 12.Nc4 b5 13.Bg5 Qc7 14.Ncd2 h6 15.Bh4 Nc5
16.Rc1 Qb6 17.Bb1 Nf4 18.Ne4 d3 19.Nc3 g5 20.Bg3 Nxg2 21.Kxg2 g4 22.Qd2 Bxf3+
23.Kg1 b4 24.Nd1 Rd8 25.Rc4 a5 26.Bh4 Rd7 27.Ne3 h5 28.Bf6 Rg8 29.Nf1 Bd5
30.Rcc1 Bb7  0-1